Statistics for Greek Gods by picture

Click here to take the quiz!

General Stats

  • This quiz has been taken 205 times
  • The average score is 11 of 15

Answer Stats

Answer% Correct
zeus
99%
poseidon
94%
hades
91%
artemis
85%
hera
84%
apollo
83%
dionysus
81%
demeter
77%
hephaestus
75%
aphrodite
68%
ares
66%
athena
66%
hermes
59%
hestia
57%
hypnos
57%

Score Distribution

Percentile by Number Answered

Percent of People with Each Score

Your Score History

You have not taken this quiz